000 00387nam a2200133Ia 4500
005 20260328101521.0
008 260328s9999||||xx |||||||||||||| ||und||
100 _aWissman, Pamela
245 0 _aSketchbook confidential :
_b Secrets from the private sketches of over 40 master artist /
_cPamela Wissman
260 _bNorth Light Books
300 _a175 p.
650 _aDIBUJO
942 _cBK
999 _c9611
_d9611